000 01227nam a2200349Ia 4500
005 20220317001600.0
007 ta
008 210825s2014 sp ad er 000 0 spa d
020 _a9788429143966
040 _aCO-BoRNBP
_bspa
_erda
_cCO-BoRNBP
041 1 _aspa
_heng
082 0 4 _a005.74
_bB29s
_222
100 1 _aBeynon-Davies, Paul
_eautor
245 1 0 _aSistemas de bases de datos
_cPaul Beynon-Davies ; versión española coordinada y traducida por Enrique Alegre
250 _aPrimera edición, Tercera edición
264 1 _aBarcelona
_bEditorial Reverté
_c2014
300 _axiv, 672 páginas
_c24 cm
336 _atexto
_btxt
_2rdacontent
337 _asin mediación
_bn
_2rdamedia
338 _avolumen
_bnc
_2rdacarrier
500 _aIncluye glosario, diccionario bilingüe
504 _aBibliografía en páginas: 625-630
534 _tDatabase systems
546 _adiccionario bilingüe
650 1 7 _aAdministración de bases de datos
_2LEMB
650 1 7 _aInformática
_2LEMB
650 1 7 _aBases de datos
_2LEMB
650 1 7 _aORACLE (archivo de computadores)
_2LEMB
650 1 7 _aSQL (Lenguaje de programación en computadores)
_2LEMB
700 1 _aAlegre, Enrique
_etraductor
_9184554
942 _2ddc
_cBK
999 _c7435
_d7435